00562nam a22001817a 450000500170000001000150001702000260003203500130005803700130007108200120008424501140009626000410021027000480025130000210029950000200032070000250034070000150036520100825103446.0 aENG-101366 a9788184244427c650.00 aEN-84899 bDBAD/PUB a358.174 aNew technologies for rural development having potential of comercialisation /cedited by Jai Prakash Shukla  aNew Delhi bAllied Publishers c2009 aA-104 mayapuri Phase IIbNew Delhi e110064 ax,270pc25cm(Hb) aincludes index  aShukla, jai Prakash  aMondal D P